000 00513nam a22001817a 4500
003 OSt
005 20250306083749.0
008 241209s2008 ag ||||| |||| 00| 1 spa d
020 _a9789501323405
040 _cbesoc
245 0 0 _aCuentos de terror /
_cEmilse Salussoglia ... [et al.]
260 _aBuenos Aires :
_bKapelusz,
_c2008
300 _a175 p.
490 _aGolu
650 4 _aLiteratura universal
_vCuentos
_xTerror
_xColección juvenil
700 1 _aSalussoglia, Emilse
_eprologuista
942 _2udc
_cOG
_n0
999 _c394
_d394